<?xml version="1.0" encoding="UTF-8"?>
<collection xmlns="http://www.loc.gov/MARC21/slim">
<record>
  <controlfield tag="001">160870</controlfield>
  <controlfield tag="005">20260217205444.0</controlfield>
  <datafield tag="024" ind1="7" ind2=" ">
    <subfield code="2">doi</subfield>
    <subfield code="a">10.3989/revliteratura.2024.02.033</subfield>
  </datafield>
  <datafield tag="024" ind1="8" ind2=" ">
    <subfield code="2">sideral</subfield>
    <subfield code="a">144039</subfield>
  </datafield>
  <datafield tag="037" ind1=" " ind2=" ">
    <subfield code="a">ART-2024-144039</subfield>
  </datafield>
  <datafield tag="041" ind1=" " ind2=" ">
    <subfield code="a">spa</subfield>
  </datafield>
  <datafield tag="100" ind1=" " ind2=" ">
    <subfield code="a">Dueñas Lorente, José Domingo</subfield>
    <subfield code="u">Universidad de Zaragoza</subfield>
    <subfield code="0">(orcid)0000-0001-8652-6369</subfield>
  </datafield>
  <datafield tag="245" ind1=" " ind2=" ">
    <subfield code="a">El juego y la estética del álbum ilustrado</subfield>
  </datafield>
  <datafield tag="260" ind1=" " ind2=" ">
    <subfield code="c">2024</subfield>
  </datafield>
  <datafield tag="506" ind1="0" ind2=" ">
    <subfield code="a">Access copy available to the general public</subfield>
    <subfield code="f">Unrestricted</subfield>
  </datafield>
  <datafield tag="520" ind1="3" ind2=" ">
    <subfield code="a">El fundamento estético del álbum ilustrado es el juego, esto es, la pretensión del autor de jugar con sus lectores a través de su obra. Se entiende el juego, a partir de las aportaciones de Platón, Schiller o Huizinga, como una contienda alegre. En su etapa infantil el juego es esencialmente alegre. A partir de tales supuestos, se revisan los postulados teóricos de algunos autores de referencia en el ámbito del álbum ilustrado (Leo Lionni, Suzy Lee, Anthony Browne), que aluden expresamente a la idea de ‘juego’ entre sus principios creadores. Se analiza una serie de álbumes en los que la intención lúdica del autor nace, por lo general, de los conflictos expresivos entre texto e ilustración, manifestados de distintas maneras. Se revisan además otros casos en los que el juego se apoya en la confusión de planos referenciales, en el ocultamiento de elementos narrativos, en el uso del lenguaje, etc.

The  aesthetic  basis  of  the  picture  book  is  play,  that  is,  the  author’s  intention  to  play  with  his  readers through his work. Play is understood on the basis of the contributions of Plato, Schiller and Huizinga,  as  a  joyful  contest.  In  its  infantile  stage,  play  is  essentially  joyful.  Based  on  these  assumptions, we review the theoretical postulates of some of the leading authors in the field of picture books (Leo Lionni, Suzy Lee, Anthony Browne), who expressly allude to the idea of ‘play’ as  one  of  their  creative  principles.  A  series  of  albums  are  analysed  in  which  the  author’s  playful  intention stems from the expressive conflicts between text and illustration, expressed in a variety of ways. We also review other cases in which the playfulness is based on the confusion of referential planes, on the concealment of narrative elements, on the use of language, etc.</subfield>
  </datafield>
  <datafield tag="540" ind1=" " ind2=" ">
    <subfield code="9">info:eu-repo/semantics/openAccess</subfield>
    <subfield code="a">by</subfield>
    <subfield code="u">https://creativecommons.org/licenses/by/4.0/deed.es</subfield>
  </datafield>
  <datafield tag="590" ind1=" " ind2=" ">
    <subfield code="a">0.1</subfield>
    <subfield code="b">2024</subfield>
  </datafield>
  <datafield tag="592" ind1=" " ind2=" ">
    <subfield code="a">0.136</subfield>
    <subfield code="b">2024</subfield>
  </datafield>
  <datafield tag="593" ind1=" " ind2=" ">
    <subfield code="a">Literature and Literary Theory</subfield>
    <subfield code="c">2024</subfield>
    <subfield code="d">Q2</subfield>
  </datafield>
  <datafield tag="594" ind1=" " ind2=" ">
    <subfield code="a">0.3</subfield>
    <subfield code="b">2024</subfield>
  </datafield>
  <datafield tag="655" ind1=" " ind2="4">
    <subfield code="a">info:eu-repo/semantics/article</subfield>
    <subfield code="v">info:eu-repo/semantics/publishedVersion</subfield>
  </datafield>
  <datafield tag="700" ind1=" " ind2=" ">
    <subfield code="a">Beltrán Almería, Luis</subfield>
    <subfield code="u">Universidad de Zaragoza</subfield>
    <subfield code="0">(orcid)0000-0003-0199-0897</subfield>
  </datafield>
  <datafield tag="710" ind1="2" ind2=" ">
    <subfield code="1">3013</subfield>
    <subfield code="2">796</subfield>
    <subfield code="a">Universidad de Zaragoza</subfield>
    <subfield code="b">Dpto. Lingüíst.y Liter.Hispán.</subfield>
    <subfield code="c">Área Teor.Liter.y Liter.Compa.</subfield>
  </datafield>
  <datafield tag="710" ind1="2" ind2=" ">
    <subfield code="1">4013</subfield>
    <subfield code="2">195</subfield>
    <subfield code="a">Universidad de Zaragoza</subfield>
    <subfield code="b">Dpto. Didácticas Específicas</subfield>
    <subfield code="c">Área Didáctica Lengua y Liter.</subfield>
  </datafield>
  <datafield tag="773" ind1=" " ind2=" ">
    <subfield code="g">86, 172 (2024), e33 [15 pp.]</subfield>
    <subfield code="p">Rev. lit.</subfield>
    <subfield code="t">Revista de literatura</subfield>
    <subfield code="x">0034-849X</subfield>
  </datafield>
  <datafield tag="856" ind1="4" ind2=" ">
    <subfield code="s">301086</subfield>
    <subfield code="u">http://zaguan.unizar.es/record/160870/files/texto_completo.pdf</subfield>
    <subfield code="y">Versión publicada</subfield>
  </datafield>
  <datafield tag="856" ind1="4" ind2=" ">
    <subfield code="s">1892251</subfield>
    <subfield code="u">http://zaguan.unizar.es/record/160870/files/texto_completo.jpg?subformat=icon</subfield>
    <subfield code="x">icon</subfield>
    <subfield code="y">Versión publicada</subfield>
  </datafield>
  <datafield tag="909" ind1="C" ind2="O">
    <subfield code="o">oai:zaguan.unizar.es:160870</subfield>
    <subfield code="p">articulos</subfield>
    <subfield code="p">driver</subfield>
  </datafield>
  <datafield tag="951" ind1=" " ind2=" ">
    <subfield code="a">2026-02-17-20:17:33</subfield>
  </datafield>
  <datafield tag="980" ind1=" " ind2=" ">
    <subfield code="a">ARTICLE</subfield>
  </datafield>
</record>
</collection>